ბათუმის შოთა რუსთაველის სახელმწიფო უნივერსიტეტის ბიბლიოთეკა

CLOSE-UP B1 : (ბიბ.ჩანაწერი № 57678)

000 -LEADER
fixed length control field 00534nam a22001697a 4500
005 - DATE AND TIME OF LATEST TRANSACTION
control field 20201109123433.0
008 - FIXED-LENGTH DATA ELEMENTS--GENERAL INFORMATION
fixed length control field 200902s2017 enk||||| |||| 00| 0 eng d
041 ## - LANGUAGE CODE
Language code of text/sound track or separate title geo
080 ## - UNIVERSAL DECIMAL CLASSIFICATION NUMBER
Universal Decimal Classification number 811.111.1(075.8) J-22
100 ## - MAIN ENTRY--PERSONAL NAME
Personal name James, Ph.
9 (RLIN) 9391
245 ## - TITLE STATEMENT
Title CLOSE-UP B1 :
Remainder of title ENGLISH IN USE Teacher's book /
Statement of responsibility, etc. Ph. James,
264 ## - PRODUCTION, PUBLICATION, DISTRIBUTION, MANUFACTURE, AND COPYRIGHT NOTICE
Date of production, publication, distribution, manufacture, or copyright notice Andover :
Place of production, publication, distribution, manufacture cengage learning,
Name of producer, publisher, distributor, manufacturer 2017.
300 ## - PHYSICAL DESCRIPTION
Extent 148 p.
Other physical details 30 cm.
653 ## - INDEX TERM--UNCONTROLLED
keyword ინგლისური ემა
653 ## - INDEX TERM--UNCONTROLLED
keyword მასწავლებლის წიგნი
942 ## - ADDED ENTRY ELEMENTS (KOHA)
Source of classification or shelving scheme
Koha item type წიგნი
ეგზემპლარები
Withdrawn status Lost status Source of classification or shelving scheme Damaged status Not for loan Permanent Location Current Location Shelving location Date acquired Cost, normal purchase price Full call number Barcode Date last seen Copy number Price effective from Koha item type Public note
          ბათუმის შოთა რუსთაველის სახელმწიფო უნივერსიტეტის მთავარი ბიბლიოთეკა ბათუმის შოთა რუსთაველის სახელმწიფო უნივერსიტეტის მთავარი ბიბლიოთეკა წიგნსაცავი 2020-09-02 102.00 811.111.1(075.8) J-22 61002 2020-09-02 61002 2020-09-02 წიგნი 102 ლ.